00531nam a22001817a 450000500170000001000150001702000260003203500140005803700200007203700130009208200130010524500920011826000390021027000430024930000220029250000180031470000170033220170525171427.0 aENG-118412 a9788125060901c895.00 aEN-101944 bBooks WellaDPL bDBAD/PUB a880.0355 aReadings on dalit identity:cedited by Swaraj Basubhistory, literature and religion / c2016aNew DelhibOrient Blackswan  a1/24, Asaf Ali RoadbNew Delhie110002 c23cm(HB)ax,403p. aincluds index aBasu, Swaraj